Normal view
MARC view
Entry Personal Name
001 - CONTROL NUMBER
- control field: 11545
003 - CONTROL NUMBER IDENTIFIER
- control field: BD-RjUL
005 - DATE AND TIME OF LATEST TRANSACTION
- control field: 20240207151903.0
008 - FIXED-LENGTH DATA ELEMENTS
- fixed length control field: 240207|| aca||aabn | a|a d
040 ## - CATALOGING SOURCE
- Original cataloging agency: BD-RjUL
- Transcribing agency: BD-RjUL
100 ## - HEADING--PERSONAL NAME
- Personal name: Richmond, Grace S.
- Fuller form of name: (Grace Smith),
- Dates associated with a name: 1866-1959
670 ## - SOURCE DATA FOUND
- Source citation: Work cat.: (BD-RjUL)82999: Richmond, Grace S. (Grace Smith), 1866-1959., Mrs. Red Pepper /, [1919?]